000 00577nam a2200205Ia 4500
003 GCL
008 140319s9999 xx 000 0 ara d
040 _aGCL /
_cGCL
082 0 4 _a791.43
_bف د
100 1 _aفرايليش، سيمون
245 1 0 _aالدراما السينمائية /
_cفرايليش، سيمون
700 1 _aغازى، منافيخى
300 _a157 ص
490 _aالفن السابع
_v0
650 0 4 _aالفن
650 0 4 _aالفنون
650 0 4 _aالسينما
650 0 4 _aالدراما السينمائية
942 _2ddc
_cBK
999 _c48489
_d48489